| 000 | 00635nam a2200181Ia 4500 | ||
|---|---|---|---|
| 008 | 090124s9999 xx 000 0 und d | ||
| 082 |
_b7380 _a872 |
||
| 100 | _aढोले नरहर रा. | ||
| 245 | _a मुक्त जीवन व आचार आणि अनुभव | ||
| 250 | _a1 | ||
| 260 | _c1950 | ||
| 300 | _a84+24 | ||
| 600 | _aढोले नरहर रा. | ||
| 630 | _a मुक्त जीवन व आचार आणि अनुभव | ||
| 700 | _aढोले नरहर रा. | ||
| 730 | _a मुक्त जीवन व आचार आणि अनुभव | ||
| 942 | _cBOOK | ||
| 999 |
_c121321 _d121321 |
||